connait tu vraiment le film TWILIGHT? - Statistiques

Statistiques générales
  • Ce quiz a été pris 4 439 fois
  • Le résultat moyen est 6 sur 8
Statistiques - réponses
Question Réponse % Correct
comment s'appelle la fille de bella renesmee
100%
Bella tombe amoureuse de ? EDWARD
99%
le pouvoir de bella ? etre un bouclier
97%
Bella et Edward aller se battre contre les volturi a cause de ? LEURS FILLE
92%
La dernière vison d'alice voit jacob et renesme à la mer, edward et bella les rejoint
86%
Edward a quelle age ? 117 ANS
83%
jacob devient loup garou dans quel chapitre ? TENTATION
50%
Bella se marie dans quelle tome ? 5
4%
Aucun quiz correspondant
Distribution des résultats
% des personnes avec chaque résultat
Percentile par nombre de réponses
Votre historique - résultats
Vous n’avez pas pris ce quiz